000 01223cad a22002655a 4500
001 L158442
008 121219e2015 xxk 000 0 eng d
035 _a(Sirsi) u158442
041 0 _aeng
100 1 _aSanto, Philip
245 0 0 _aBlight on the tiles
_h[electronic resource]
260 _c2015
490 _aRICS Property Journal
_vMarch 2015-April 2015, 44-45(2)
520 _aOutlines the issues that may need to be considered when valuing a property with solar panels.
520 _aReffers to requirements set down by Council of Mortgage Lenders: Solar photovoltaic panels - leases of roofspace. http://bit.ly/1KdQy3d and to 'The Pitfalls of Solar Panels,' article by Philip Santo written for Law Society. http://bit.ly/14cnCaH
520 _aMore information is available from the Energy Saving Trust http://www.energysavingtrust.org.uk/
650 2 4 _aSOLAR PANELS
650 2 4 _aVALUATION REPORTS
651 4 _aUnited Kingdom
_y
690 _aValuation
_96273
690 _aSustainability
_96271
710 _aRoyal Institution of Chartered Surveyors
_94900
856 4 0 _uhttps://www.rics.org/uk/news/journals/property-journal
_zView the journal free of charge at www.rics.org/journals...
942 _n0
999 _c84600
_d84600